Spy x family. 15 /
Akčně-komediální manga série o špionovi, který pro svou misi musí založit rodinu.
Uloženo v:
| Série: | Spy x family,
část 15 |
|---|---|
| Hlavní autor: | |
| Další autoři: | |
| Médium: | Kniha |
| Jazyk: | Czech |
| Vydáno: |
V Praze :
Crew,
2026
|
| Vydání: | První vydání |
| Edice: | Crew manga
|
| Témata: | |
| Celkem bylo vypůjčeno: | 0x |
| Příbuzné jednotky: | Z cyklu::
Spy x family |
| Tagy: |
Žádné tagy |
| LEADER | 02304cam a2200529 i 4500 | ||
|---|---|---|---|
| 001 | 106270 | ||
| 003 | CZ PrSKC | ||
| 005 | 20260506091702.0 | ||
| 007 | ta | ||
| 008 | 260427s2026 xr a g 6 000 1 cze | ||
| 020 | |a 9788077120180 |q (brožováno) | ||
| 040 | |a ABG001 |b cze |d KVG001 |e rda | ||
| 041 | 1 | |a cze |h jpn | |
| 072 | 7 | |a 741.52 |x Komiksy. Komiksové adaptace |2 Konspekt |9 21 | |
| 080 | |a 741.52(0:82-32) |2 MRF | ||
| 080 | |a 741.52(0:82-322.4) |2 MRF | ||
| 080 | |a 741.52(0:82-321.3) |2 MRF | ||
| 080 | |a 741.52(0:82-321.5) |2 MRF | ||
| 100 | 1 | |a Endō, Tatsuya, |d 1980- |7 xx0263549 |4 aut |4 ill |9 112574 | |
| 240 | 1 | 0 | |a Spy x family. |l Česky |
| 245 | 1 | 0 | |a Spy x family. |n 15 / |c Tacuja Endó ; překlad z japonštiny: Michala Kropáčková |
| 250 | |a První vydání | ||
| 264 | 1 | |a V Praze : |b Crew, |c 2026 | |
| 300 | |a 212 nečíslovaných stran : |b ilustrace ; |c 19 cm | ||
| 336 | |a text |b txt |2 rdacontent | ||
| 336 | |a statický obraz |b sti |2 rdacontent | ||
| 337 | |a bez média |b n |2 rdamedia | ||
| 338 | |a svazek |b nc |2 rdacarrier | ||
| 490 | 1 | |a Crew manga | |
| 500 | |a "Scénář a kresba: Tacuja Endó"--Tiráž | ||
| 500 | |a Tištěno zprava doleva ve stylu manga | ||
| 520 | 2 | |a Akčně-komediální manga série o špionovi, který pro svou misi musí založit rodinu. |b Přestože Henryho s Martou spojují city, které si nikdy nevyznali, válka mezi Východem a Západem je rozdělila. Martě se podařilo přežít krutou bitvu a byla zachráněna ve Westalis. Uprostřed válečného chaosu se teď zoufale snaží dostat domů... Nakladatelská anotace. | |
| 655 | 7 | |a manga |7 fd1057492 |2 czenas | |
| 655 | 7 | |a špionážní komiksy |7 fd1057485 |2 czenas | |
| 655 | 7 | |a akční a dobrodružné komiksy |7 fd1057471 |2 czenas | |
| 655 | 7 | |a humoristické komiksy |7 fd1057480 |2 czenas | |
| 655 | 9 | |a spy comics |2 eczenas | |
| 655 | 9 | |a action and adventure comics |2 eczenas | |
| 655 | 9 | |a humorous comics |2 eczenas | |
| 700 | 1 | |a Kropáčková, Michala |7 xx0254823 |4 trl |9 111942 | |
| 710 | 2 | |a Nakladatelství Crew |7 xx0243763 |4 pbl |9 117310 | |
| 787 | 0 | 8 | |i Z cyklu: |t Spy x family |g 15 |
| 830 | 0 | |a Crew manga | |
| 910 | |a UOG502 | ||
| 942 | |2 ddc |c KN | ||
| 999 | |d 106270 | ||
| 993 | |0 0 |1 421180106994 |2 ddc |4 0 |7 0 |9 99633 |b 0 |c 106994 |d 2026-05-06 |e 0 |f DOSP |h 249.00 |i Koupě |l DOSP |r 2026-05-12 |t 6 |w 2026-05-06 |y KN |z KOMIKS |n | ||